| 000 | 00469 a2200169 4500 | ||
|---|---|---|---|
| 003 | OSt | ||
| 005 | 20260326100838.0 | ||
| 008 | 231028b |||||||| |||| 00| 0 eng d | ||
| 020 | _a9789352827350 | ||
| 040 | _coclc | ||
| 082 |
_a843.914 _bKUN/I |
||
| 100 | 1 |
_aKundera, Milan _99795 |
|
| 245 |
_aIDENTITY / _cMilan Kundera |
||
| 260 |
_aKottayam: _bD C Books, _c2020. |
||
| 300 |
_a128p _c21cm |
||
| 942 |
_2ddc _cBK _h843.914 _iKUN/I _k843.914 _mKUN/I |
||
| 999 |
_c42898 _d42898 |
||